|
|
|
|
| LEADER |
00000nam0a2200000 4500 |
| 001 |
236855 |
| 005 |
20231101231513.0 |
| 010 |
|
|
|a 5229005742
|
| 020 |
|
|
|a RU
|b 90-40178
|
| 035 |
|
|
|a (RuTPU)RU\TPU\book\258024
|
| 090 |
|
|
|a 236855
|
| 100 |
|
|
|a 19950417d1990 k y0rusy5003 ca
|
| 101 |
0 |
|
|a rus
|
| 102 |
|
|
|a RU
|
| 105 |
|
|
|a a z 001zy
|
| 200 |
1 |
|
|a Вторичная рекристаллизация
|f В. Ю. Новиков
|
| 210 |
|
|
|a Москва
|c Металлургия
|d 1990
|
| 215 |
|
|
|a 128,[1] с.
|c ил.
|d 22 см
|
| 320 |
|
|
|a Библиогр.: с. 123-129 (141 назв.)
|
| 606 |
1 |
|
|a Металлы
|x Кристаллохимия
|2 stltpush
|3 (RuTPU)RU\TPU\subj\43128
|9 62686
|
| 606 |
1 |
|
|a Сплавы
|x Текстуры
|2 stltpush
|3 (RuTPU)RU\TPU\subj\55916
|9 73869
|
| 610 |
1 |
|
|a поликристаллы
|
| 610 |
1 |
|
|a собирательная рекристаллизация
|
| 610 |
1 |
|
|a вторичная рекристаллизация
|
| 675 |
|
|
|a 669:548.53
|v 3
|
| 675 |
|
|
|a 669-1
|v 3
|
| 700 |
|
1 |
|a Новиков
|b В. Ю.
|g Владимир Юрьевич
|4 070
|
| 801 |
|
1 |
|a RU
|b 63413507
|c 20130506
|
| 801 |
|
2 |
|a RU
|b 63413507
|c 20181018
|g RCR
|
| 942 |
|
|
|c BK
|